00890nam a2200241 a 450000100060000000300080000600500170001400800410003103500190007204000270009104100080011808200240012610000380015024500470018826000460023530000290028150000190031065000280032994200120035799900170036995201300038695201320051653707BD-RjUL20211209080016.0161024s1963 enka b 001 0 eng  a(BD-RjUL)53829 aDLC/ICUcICUdDLCbeng aeng00a536.7223bWIT 19631 aWilks, J.q(John),d1922-916048514aThe third law of thermodynamics /cJ Wilks aLondon :bOxford University Press,cc1963 a142 p. :bill. ;c21 cm. aIncludes index 0aThermodynamics.9160487 2ddccBK c53707d53707 00102ddc40708NFICaRUCLbRUCLcStackd1970-02-10eZeitlingerl0o536.7 WIT 1963r2016-10-24 00:00:00tC-2w2016-10-24yBK 00102ddc40718NFICaRUCLbRUCLcReadingd2021-12-09eZeithengerl0o536.7 WIT 1963r2017-03-28 00:00:00tC-1w2017-03-28yBK